| 000 | 00353nam a2200145 4500 | ||
|---|---|---|---|
| 999 |
_c14405 _d14405 |
||
| 003 | OSt | ||
| 005 | 20260303094005.0 | ||
| 008 | 260303b ||||| |||| 00| 0 eng d | ||
| 020 | _a9781641162753 | ||
| 082 | _a363.7 | ||
| 100 | _aPaige Tucker | ||
| 245 | _aEnvironmental Science in a Changing World | ||
| 260 |
_bCALLISTO REFERENCE _c2020 |
||
| 942 | _2ddc | ||